Fundamentals of software engineering (Record no. 13511)

MARC details
000 -LEADER
fixed length control field 00471nam a2200181Ia 4500
008 - FIXED-LENGTH DATA ELEMENTS--GENERAL INFORMATION
fixed length control field 230917s9999||||xx |||||||||||||| ||und||
020 ## - ISBN
Price RS325
040 ## - CATALOGING SOURCE
-- 222301
Original cataloging agency VIVEKANANDA LIBRARY
041 ## - Language
-- English
082 ## - DDC NUMBER
Classification number 005.1 M29F(4)
100 ## - MAIN ENTRY--PERSONAL NAME
Personal name Mall, Rajib
245 #0 - TITLE STATEMENT
Title Fundamentals of software engineering
250 ## - EDITION STATEMENT
Edition statement 4th ed.
260 ## - PUBLICATION, DISTRIBUTION, ETC. (IMPRINT)
Place of publication, distribution, etc Delhi
Name of publisher, distributor, etc PHI Learning
Date of publication, distribution, etc 2014
300 ## - PHYSICAL DESCRIPTION
Pages xxii, 534 p.
500 ## - GENERAL NOTE
General note 1812 09/01/2015 HBD6390 13/03/2015 Main Budget
942 ## - ADDED ENTRY ELEMENTS (KOHA)
Koha item type Books
Holdings
Withdrawn status Lost status Damaged status Not for loan Location (home branch) Sublocation or collection (holding branch) Date acquired Koha issues (times borrowed) Koha full call number Accession No. Koha date last seen Koha item type
        VIVEKANANDA LIBRARY VIVEKANANDA LIBRARY 13/04/2015 4 005.1 M29F(4) 348727 05/07/2025 Books
        VIVEKANANDA LIBRARY VIVEKANANDA LIBRARY 13/04/2015 2 005.1 M29F(4) 348728 26/09/2025 Books
        VIVEKANANDA LIBRARY VIVEKANANDA LIBRARY 13/04/2015 2 005.1 M29F(4) 348729 21/04/2026 Books
© Designed and Maintained by Vivekananda Library, MDU Rohtak